LEADER 01053nam0-2200337---4500 001 990009945540403321 005 20170201155359.0 010 $a0262081504$bHardback 010 $a026258087X$bPaperback 035 $a000994554 035 $aFED01000994554 035 $a(Aleph)000994554FED01 035 $a000994554 100 $a20150311d1985----km-y0itay50------ba 101 0 $aeng 102 $aUS 105 $a--------001yy 200 1 $aMarket structure and foreign trade$eincreasing returns, imperfect competition and the international economy$fElhanan Helpman and Paul R. Krugman 210 $aCambridge; Massachusetts$aLondon$cMit press$dc1985 215 $aXII, 271 p.$d24 cm 700 1$aHelpman,$bElhanan$0128673 701 1$aKrugman,$bPaul R.$f<1953- >$0118463 801 0$aIT$bUNINA$gRICA$2UNIMARC 901 $aBK 912 $a990009945540403321 952 $aISVE F1-F4.216$fDECTS 952 $aO/31 HEL$b2880$fSES 959 $aDECTS 959 $aSES 996 $aMarket structure and foreign trade$9820716 997 $aUNINA LEADER 03330nam 2200637Ia 450 001 9910454965603321 005 20200520144314.0 010 $a1-299-28419-1 010 $a0-300-18668-1 010 $a0-585-36241-6 024 7 $a10.12987/9780300186680 035 $a(CKB)111056485433322 035 $a(EBL)3421148 035 $a(MiAaPQ)EBC3421148 035 $a(DE-B1597)485726 035 $a(OCoLC)47011630 035 $a(DE-B1597)9780300186680 035 $a(Au-PeEL)EBL3421148 035 $a(CaPaEBR)ebr10670433 035 $a(CaONFJC)MIL459669 035 $a(OCoLC)923602537 035 $a(EXLCZ)99111056485433322 100 $a20791026d1980 uy 0 101 0 $aeng 135 $aurcn||||||||| 181 $ctxt$2rdacontent 182 $cc$2rdamedia 183 $acr$2rdacarrier 200 14$aThe age of reform (1250-1550)$b[electronic resource] $ean intellectual and religious history of late medieval and Reformation Europe /$fSteven Ozment 210 $aNew Haven $cYale University Press$d1980 215 $a1 online resource (472 p.) 300 $aDescription based upon print version of record. 311 $a0-300-02760-5 320 $aIncludes bibliographical references and index. 327 $tFront matter --$tContents --$tIllustrations --$tPreface --$tCHAPTER 1. The Interpretation of Medieval Intellectual History --$tCHAPTER 2. The Scholastic Traditions --$tCHAPTER 3. The Spiritual Traditions --$tCHAPTER 4. The Ecclesiopolitical Traditions --$tCHAPTER 5. On the Eve of the Reformation --$tCHAPTER 7. Society and Politics in the German Reformation --$tCHAPTER 8. Humanism and the Reformation --$tChapter 9.The Swiss Reformation --$tCHAPTER 10. The Sectarian Spectrum: Radical Movements within Protestantism --$tCHAPER 11. Calvin and Calvinism --$tCHAPTER 12. Marriage and the Ministry in the Protestant Churches --$tCHAPTER 13. Catholic Reform and Counter Reformation --$tCHAPTER 14 Protestant Resistance to Tyranny: The Career of John Knox --$tCHAPTER 15. The Legacy of the Reformation --$tList of Abbreviations --$tIndex 330 $aThe seeds of the swift and sweeping religious movement that turned great numbers of Europeans into Protestants in the early 1500's had been sown far back in the late Middle Ages. In this book, Steven Ozment traces the growth and dispersal of dissenting ideologies through three centuries to their explosive burgeoning in the 1500's. He elucidates with great clarity the complex philosophical and theological issues that inspired antagonistic schools, traditions, and movements from Aquinas to Calvin. 606 $aChurch history$yMiddle Ages, 600-1500 606 $aReformation 606 $aTheology, Doctrinal$xHistory$yMiddle Ages, 600-1500 606 $aTheology, Doctrinal$xHistory$y16th century 606 $aReligious thought$yMiddle Ages, 600-1500 608 $aElectronic books. 615 0$aChurch history 615 0$aReformation. 615 0$aTheology, Doctrinal$xHistory 615 0$aTheology, Doctrinal$xHistory 615 0$aReligious thought 676 $a274 700 $aOzment$b Steven E$0153929 801 0$bMiAaPQ 801 1$bMiAaPQ 801 2$bMiAaPQ 906 $aBOOK 912 $a9910454965603321 996 $aThe age of reform (1250-1550)$92485326 997 $aUNINA